[Event "chess.com Speed 5m+1spm 2017"]
[Site "chess.com INT"]
[Date "2018.07.26"]
[Round "2"]
[White "Hou Yifan"]
[Black "Nakamura,Hi"]
[Result "0-1"]
[WhiteElo "2658"]
[BlackElo "2777"]

1.e4 g6 2.d4 Bg7 3.Nf3 d6 4.Be2 Nf6 5.Nc3 O-O 6.O-O Nc6 7.h3 e5 8.Be3 exd4
9.Nxd4 Re8 10.Bd3 Nb4 11.a3 Nxd3 12.cxd3 d5 13.Nf3 dxe4 14.dxe4 Qxd1 15.Rfxd1 c6
16.Rac1 Nd7 17.Nd4 Nb6 18.Rc2 Nc4 19.Bc1 Rd8 20.Nde2 Be6 21.Rxd8+ Rxd8 22.Bg5 Re8
23.f3 f5 24.Bc1 b5 25.Kf1 a5 26.Ng3 f4 27.Bxf4 Nxb2 28.e5 Nd3 29.Nge2 Nxf4
30.Nxf4 Bb3 31.Rc1 Bxe5 32.Nfe2 Bc4 33.Ne4 a4 34.Rc2 Rd8 35.Ke1 Rd3 36.Nd2 Bd5
37.Nb1 Rb3 38.Nbc3 Bxc3+ 39.Nxc3 Rxa3 40.Nxd5 cxd5 41.Rc5 Rb3 42.Rxd5 a3  0-1

[Event "chess.com Speed 5m+1spm 2017"]
[Site "chess.com INT"]
[Date "2018.07.26"]
[Round "4"]
[White "Hou Yifan"]
[Black "Nakamura,Hi"]
[Result "0-1"]
[WhiteElo "2658"]
[BlackElo "2777"]

1.e4 g6 2.d4 Bg7 3.Nf3 d6 4.Be2 Nf6 5.Nc3 O-O 6.O-O Nc6 7.d5 Nb8 8.h3 c6
9.Be3 b6 10.Qd2 Bb7 11.a4 a6 12.Rfd1 cxd5 13.exd5 Nbd7 14.Bh6 Qc7 15.Bxg7 Kxg7
16.Nd4 Rac8 17.Rac1 Ne5 18.Qe3 Rfe8 19.Nf3 Qc5 20.Nxe5 Qxe3 21.fxe3 dxe5
22.d6 Rc5 23.dxe7 Rxe7 24.Rd6 b5 25.axb5 axb5 26.Nxb5 Ne4 27.Rb6 Ng3 28.Bd3 Be4
29.Nc3 Rxc3 30.Bxe4 Rxe3 31.Kf2 Rxe4 32.Kxg3 Rd7 33.c4 Rd2 34.c5 Ree2 35.c6 Rxg2+
36.Kf3 Rgf2+ 37.Ke3 Rfe2+ 38.Kf3 f5 39.c7 Rf2+ 40.Ke3 f4+ 41.Ke4 Rfe2+ 42.Kf3 Re3+
43.Kg4 Rg3+ 44.Kh4 Rh2  0-1

[Event "chess.com Speed 5m+1spm 2017"]
[Site "chess.com INT"]
[Date "2018.07.26"]
[Round "5"]
[White "Nakamura,Hi"]
[Black "Hou Yifan"]
[Result "1/2-1/2"]
[WhiteElo "2777"]
[BlackElo "2658"]

1.Nf3 Nf6 2.d4 d5 3.c4 e6 4.Nc3 c5 5.cxd5 Nxd5 6.e4 Nxc3 7.bxc3 cxd4 8.cxd4 Bb4+
9.Bd2 Bxd2+ 10.Qxd2 O-O 11.Bc4 b6 12.O-O Nd7 13.e5 Bb7 14.Qe3 Rc8 15.Bd3 h6
16.Nd2 Qg5 17.Qxg5 hxg5 18.Ne4 Bxe4 19.Bxe4 Rc4 20.Rad1 Nxe5 21.Rfe1 Nd7
22.d5 Nc5 23.Bf3 Re8 24.dxe6 Rxe6 25.Rd8+ Kh7 26.Rf1 Re7 27.h3 g6 28.Rd2 Kg7
29.Rfd1 Rc3 30.Kh2 Kf6 31.Rd6+ Re6 32.R6d2 Ra3 33.Rc2 Ke7 34.Rd5 Kf6 35.Rd1 Rd3
36.Rb1 Red6 37.Rbb2 Na4 38.Rb4 R3d4 39.Rb5 Rd2 40.Rc7 a6 41.Rb4 Rxa2 42.Bc6 Rc2
43.Rxa4 Rcxc6 44.Rxc6 Rxc6 45.Rxa6 Ke5 46.Ra7 Rf6 47.Kg3 Kd4 48.f3 b5 49.Rb7 Rf5
50.Kf2 Kc3 51.g4 Rc5 52.Rxf7 b4 53.Rf6 b3 54.Rxg6 b2 55.Rb6 Kc2 56.Kg3 b1=Q
57.Rxb1 Kxb1 58.h4 gxh4+ 59.Kxh4 Kc2 60.g5 Kd3 61.g6 Rc1 62.Kg5 Rg1+ 63.Kf6 Ke3
64.g7 Rxg7 65.Kxg7 Kxf3  1/2-1/2

[Event "chess.com Speed 5m+1spm 2017"]
[Site "chess.com INT"]
[Date "2018.07.26"]
[Round "6"]
[White "Hou Yifan"]
[Black "Nakamura,Hi"]
[Result "1/2-1/2"]
[WhiteElo "2658"]
[BlackElo "2777"]

1.e4 Nf6 2.e5 Nd5 3.d4 d6 4.Nf3 Nc6 5.exd6 exd6 6.c4 Nb6 7.h3 Be7 8.Nc3 O-O
9.Bd3 Bf6 10.O-O Nb4 11.Bb1 c5 12.d5 Bxc3 13.bxc3 Na6 14.Bg5 f6 15.Bf4 Nc7
16.a4 a5 17.Bxh7+ Kxh7 18.Qb1+ g6 19.Qxb6 Ra6 20.Qb2 Ne8 21.Rfe1 Ng7 22.Nd2 Rf7
23.Ne4 g5 24.Bd2 Bf5 25.Re2 Qd7 26.Qb5 Qd8 27.Qb2 Qd7 28.Qb5 Qd8 29.Qb2 Qd7  1/2-1/2

[Event "chess.com Speed 5m+1spm 2017"]
[Site "chess.com INT"]
[Date "2018.07.26"]
[Round "7"]
[White "Nakamura,Hi"]
[Black "Hou Yifan"]
[Result "1-0"]
[WhiteElo "2777"]
[BlackElo "2658"]

1.Nf3 Nf6 2.d3 d5 3.g3 g6 4.Bg2 Bg7 5.O-O O-O 6.Nc3 c5 7.e4 d4 8.Ne2 Nc6
9.Nd2 e5 10.h3 Ne8 11.f4 Nd6 12.g4 f5 13.exf5 gxf5 14.g5 Bd7 15.h4 Qe8 16.Ng3 exf4
17.Nh5 Be5 18.Nb3 Kh8 19.Nxc5 Rc8 20.Re1 Qf7 21.Nxd7 Qxd7 22.Bxc6 Qxc6 23.Rxe5 f3
24.Bf4 Nf7 25.Kf2 Nxe5 26.Bxe5+ Kg8 27.Qxf3 Qxf3+ 28.Kxf3 Rxc2 29.Nf4 Rxb2
30.Rc1 Rb5 31.Bxd4 Rd8 32.Bf6 Rf8 33.Ne6 Re8 34.Nd4 Rd5 35.Rc7 Re1 36.Rg7+ Kf8
37.Rxh7  1-0

[Event "chess.com Speed 5m+1spm 2017"]
[Site "chess.com INT"]
[Date "2018.07.26"]
[Round "9"]
[White "Hou Yifan"]
[Black "Nakamura,Hi"]
[Result "0-1"]
[WhiteElo "2658"]
[BlackElo "2777"]

1.e4 c6 2.d4 g6 3.Bd3 d5 4.e5 Bg7 5.c3 c5 6.h3 Nc6 7.Nf3 cxd4 8.cxd4 f6 9.exf6 Nxf6
10.Nc3 O-O 11.O-O Nh5 12.Be3 Nf4 13.Bc2 e6 14.Ba4 g5 15.Bxc6 bxc6 16.Ne5 c5
17.Re1 Bxe5 18.dxe5 Nxg2 19.Kxg2 d4 20.Ne4 dxe3 21.Qxd8 Rxd8 22.Nd6 exf2
23.Kxf2 Rb8 24.b3 Rb4 25.Rac1 Bb7 26.Nxb7 Rxb7 27.Rxc5 Rf7+ 28.Ke3 Rdf8 29.Rg1 h6
30.Rg3 Kg7 31.Rc6 Re7 32.h4 Kg6 33.hxg5 hxg5 34.Kd4 Rf4+ 35.Kc5 Kf5 36.b4 Rg7
37.a4 g4 38.a5 Rf3 39.Rg1 g3 40.Rd6 Rc3+ 41.Kd4 Rf3 42.Kc5 Rc3+ 43.Kd4 Rb3
44.Rf1+ Kg4 45.Rxe6 Rxb4+ 46.Kc5 Rf4 47.Rg1 Kf5 48.Re8 Rf2 49.e6 Ke5 50.e7 g2
51.Rf8 Rc2+ 52.Kb4 Rxe7 53.Rg8 Rb7+ 54.Ka3 Rbb2 55.Rg5+ Kf4 56.Rg7 Ra2+ 57.Kb4 Rcb2+
58.Kc3 Rf2 59.Kb4 a6 60.Rg6 Rfb2+ 61.Kc3 Rf2 62.Kb4 Ke4 63.Re6+ Kd4 64.Rd6+ Ke3
65.Re6+ Kd3 66.Rd6+ Ke4 67.Re6+ Kd5 68.Rg6 Rfb2+ 69.Kc3 Re2 70.Rg8 Ke4 71.Re8+ Kf3
72.Rf8+ Kg3 73.Rh8 Kf2  0-1

[Event "chess.com Speed 5m+1spm 2017"]
[Site "chess.com INT"]
[Date "2018.07.26"]
[Round "10"]
[White "Nakamura,Hi"]
[Black "Hou Yifan"]
[Result "1-0"]
[WhiteElo "2777"]
[BlackElo "2658"]

1.b3 e5 2.Bb2 Nc6 3.e3 Nf6 4.c4 g6 5.Nf3 d6 6.d4 Bg7 7.dxe5 Ng4 8.Be2 O-O
9.O-O Ngxe5 10.Nxe5 Nxe5 11.Nc3 Bd7 12.Qd2 a6 13.Nd5 Be6 14.Rfd1 f5 15.Rac1 Bf7
16.f4 Nd7 17.Bxg7 Kxg7 18.Bf3 Bxd5 19.cxd5 Rf7 20.Rc4 Nf6 21.Rdc1 Rc8 22.Qd4 Qe8
23.g4 fxg4 24.Bxg4 c5 25.dxc6 Rxc6 26.Bf3 Rxc4 27.Rxc4 Qe6 28.Rc2 Re7 29.e4 Kg8
30.Re2 Kg7 31.e5 dxe5 32.fxe5 Nd7 33.Bxb7 Nxe5 34.Bg2 Qf6 35.Qb2 h5 36.a4 Qg5
37.b4 Kh7 38.Kh1 Nd3 39.Rxe7+ Qxe7 40.Qd2 Nxb4 41.a5 Qc5 42.Qd7+ Kh6 43.Qd2+ Kg7
44.h4 Qxa5 45.Qd7+ Kf6 46.Qd6+ Kf7 47.Qd7+ Kf6 48.Qd6+ Kf7 49.Qd7+ Kf6 50.Qd4+ Kf7
51.Be4 Qb5 52.Qf2+ Kg7 53.Qb2+ Kf7 54.Qb3+ Ke7 55.Qe3 Qe5 56.Qa7+ Kf8 57.Qa8+ Kf7
58.Qb7+ Qe7 59.Bxg6+ Kf6 60.Qb6+ Kg7 61.Bxh5 Qxh4+ 62.Kg2 Qg5+ 63.Kf1 Qxh5
64.Qxb4 Qf5+ 65.Ke1 a5 66.Qb7+ Kg6 67.Qb6+ Kg5 68.Kd2 Qd5+ 69.Kc3 Kf5 70.Qf2+ Ke6
71.Qb6+ Kd7 72.Qd4 Qxd4+ 73.Kxd4  1-0

[Event "chess.com Speed 3m+1spm 2017"]
[Site "chess.com INT"]
[Date "2018.07.26"]
[Round "11"]
[White "Hou Yifan"]
[Black "Nakamura,Hi"]
[Result "0-1"]
[WhiteElo "2658"]
[BlackElo "2777"]

1.e4 g6 2.d4 Bg7 3.Nc3 c6 4.h3 d5 5.Nf3 dxe4 6.Nxe4 Nf6 7.Nxf6+ exf6 8.Bd3 O-O
9.O-O Nd7 10.c4 b6 11.Bf4 Re8 12.Re1 Nf8 13.Rxe8 Qxe8 14.Qd2 Bb7 15.Bh6 Bh8
16.Re1 Qd7 17.b3 Rd8 18.Bb1 Ne6 19.Rd1 f5 20.Be3 Bg7 21.Ne5 Qc7 22.f4 Nxd4
23.Bxd4 c5 24.Qf2 cxd4 25.Rxd4 Bf8 26.Rxd8 Qxd8 27.Nd3 Be4 28.Qe3 Bg7 29.Kh2 Qd6
30.Bc2 Bd4 31.Qd2 h5 32.Ne1 Bg1+  0-1

[Event "chess.com Speed 3m+1spm 2017"]
[Site "chess.com INT"]
[Date "2018.07.26"]
[Round "13"]
[White "Hou Yifan"]
[Black "Nakamura,Hi"]
[Result "0-1"]
[WhiteElo "2658"]
[BlackElo "2777"]

1.Nf3 g6 2.d4 Bg7 3.e4 d6 4.Be2 Nf6 5.Nc3 O-O 6.O-O Nc6 7.h3 e5 8.dxe5 dxe5
9.Be3 Be6 10.Bb5 Qc8 11.Bxc6 bxc6 12.Nxe5 Nxe4 13.Nxe4 Bxe5 14.c3 Bd5 15.Bd4 Qf5
16.Ng3 Qf4 17.Bxe5 Qxe5 18.Qd2 Rad8 19.Rfe1 Qf6 20.Qe3 a5 21.b3 Rfe8 22.Qxe8+ Rxe8
23.Rxe8+ Kg7 24.Rc1 c5 25.c4 Qc6 26.Re3 Bxg2 27.Nf5+ gxf5 28.Rg3+ Kf6 29.Rxg2 Qe4
30.Rd1 h5 31.Rg3 f4 32.Rgd3 Qe2 33.R1d2 Qe1+ 34.Kg2 Qe4+ 35.Rf3 c6 36.Rd3 Kg5
37.Rd7 Kg6 38.Rd6+ Kf5 39.Rd7 Kg6 40.Rd6+ f6 41.Rd3 Qe5 42.Rd2 Kf5 43.Rfd3 Qe4+
44.Rf3 h4 45.Rd3 Qe2 46.a4 Qe4 47.Rd2 Ke5 48.Rd3 Qg6+ 49.Kf1 Ke4 50.Rc3 Qh5
51.Rfd3 Qg6 52.Rf3 Qg8 53.Rfd3 Qc8 54.Rf3 Qd7 55.Ke2 Kf5 56.Rcd3 Qe6+ 57.Rde3 Qd6
58.Rd3 Qe5+ 59.Kf1 Qa1+ 60.Kg2 Qe5 61.Rc3 Qe2 62.Rcd3 Ke4 63.Rc3 f5  0-1

[Event "chess.com Speed 3m+1spm 2017"]
[Site "chess.com INT"]
[Date "2018.07.26"]
[Round "14"]
[White "Nakamura,Hi"]
[Black "Hou Yifan"]
[Result "1-0"]
[WhiteElo "2777"]
[BlackElo "2658"]

1.b3 d5 2.Bb2 c5 3.e3 Nc6 4.Nf3 Nf6 5.Bb5 e6 6.Bxc6+ bxc6 7.d3 Bd6 8.Nbd2 O-O
9.e4 Nd7 10.e5 Be7 11.O-O Rb8 12.Re1 Qc7 13.c4 Rd8 14.Qe2 Nf8 15.g3 Bd7 16.Nf1 h6
17.Ne3 a5 18.Qc2 Nh7 19.h4 Be8 20.Kg2 f5 21.exf6 Bxf6 22.Ng4 Bxb2 23.Qxb2 Bh5
24.Nge5 Nf6 25.Nh2 a4 26.Qc3 axb3 27.axb3 Rf8 28.Ra6 Qb7 29.Qa1 Qxb3 30.Nxc6 Rbe8
31.Ne5 Qb8 32.Rb1 Qc8 33.Rc6 Qd8 34.Rb7 dxc4 35.Rcc7 Qd5+ 36.f3 cxd3 37.Rxg7+ Kh8
38.Rh7+  1-0

[Event "chess.com Speed 3m+1spm 2017"]
[Site "chess.com INT"]
[Date "2018.07.26"]
[Round "15"]
[White "Hou Yifan"]
[Black "Nakamura,Hi"]
[Result "0-1"]
[WhiteElo "2658"]
[BlackElo "2777"]

1.c4 Nf6 2.g3 g6 3.Bg2 Bg7 4.Nc3 O-O 5.Nf3 d6 6.d4 Nc6 7.O-O Bg4 8.h3 Bxf3
9.Bxf3 Nd7 10.e3 e5 11.d5 Ne7 12.Bg2 f5 13.b3 e4 14.Bb2 g5 15.f3 exf3 16.Qxf3 Ng6
17.Qe2 f4 18.exf4 gxf4 19.Ne4 Bxb2 20.Qxb2 Nde5 21.gxf4 Nxf4 22.Kh1 Qh4 23.Qf2 Qh6
24.Qg3+ Kh8 25.Rf2 Ned3 26.Rf3 Rg8 27.Rxd3 Rxg3 28.Rxg3 Rg8 29.Rxg8+ Kxg8
30.Rg1 Kf8 31.Rf1 Ke8 32.Rf3 a5 33.Nf2 Qg5 34.Ng4 Nxg2 35.Kxg2 h5 36.Re3+ Kd7  0-1

[Event "chess.com Speed 3m+1spm 2017"]
[Site "chess.com INT"]
[Date "2018.07.26"]
[Round "16"]
[White "Nakamura,Hi"]
[Black "Hou Yifan"]
[Result "1-0"]
[WhiteElo "2777"]
[BlackElo "2658"]

1.b3 e5 2.Bb2 Nc6 3.e3 g6 4.Nf3 Bg7 5.d4 e4 6.Nfd2 f5 7.c4 d6 8.Nc3 Nf6 9.h4 Ne7
10.d5 c6 11.h5 Nxh5 12.dxc6 bxc6 13.Rxh5 gxh5 14.Qxh5+ Ng6 15.O-O-O Qe7 16.Be2 Be6
17.g4 fxg4 18.Ndxe4 O-O 19.Ng5 Bf6 20.Nxe6 Qxe6 21.Bxg4 Qe7 22.Bf5 Qg7 23.Kc2 Ne7
24.Rg1 Nxf5 25.Rxg7+ Nxg7 26.Qe2 Rae8 27.b4 h5 28.b5 cxb5 29.cxb5 h4 30.Qg4 d5
31.a4 Re5 32.a5 Rg5 33.Qd7 Rf7 34.Qc8+ Rf8 35.Qh3 Bxc3 36.Bxc3 Rxf2+ 37.Kd3 Nf5
38.Be5 Kf7 39.b6 axb6 40.axb6 Rg1 41.Kc3 Rc1+ 42.Kb4 Rb1+ 43.Kc5 Rc2+ 44.Kxd5 Ne7+
45.Ke4 Rxb6 46.Bd4 Re6+ 47.Kd3 Rf2 48.Qxh4 Rf5 49.Qh7+ Ke8 50.Qh1 Kd7 51.Qa8 Rd5
52.e4 Rdd6 53.Kc4 Ra6 54.Qb7+ Ke8 55.Bc5  1-0

[Event "chess.com Speed 3m+1spm 2017"]
[Site "chess.com INT"]
[Date "2018.07.26"]
[Round "17"]
[White "Hou Yifan"]
[Black "Nakamura,Hi"]
[Result "0-1"]
[WhiteElo "2658"]
[BlackElo "2777"]

1.e4 g6 2.d4 Bg7 3.Be3 d6 4.Nc3 a6 5.f4 b5 6.Bd3 Nd7 7.e5 c5 8.Nf3 Nh6 9.Be4 Rb8
10.dxc5 dxc5 11.h3 Bb7 12.Bxb7 Rxb7 13.g4 Qc8 14.Nd5 f5 15.g5 Ng8 16.Qe2 e6
17.Nf6+ Kf7 18.O-O-O Ne7 19.Rd6 Nb6 20.Rhd1 Nc4 21.R6d3 a5 22.Qf2 Rc7 23.h4 h5
24.Kb1 a4 25.Bc1 Qb7 26.Rd7 Rhc8 27.Rxc7 Rxc7 28.b3 Nb6 29.Be3 Nbd5 30.Qe1 c4
31.b4 c3 32.Bc5 Nxf4 33.Qxc3 Ned5 34.Qd2 Bf8 35.Bxf8 Kxf8 36.Kc1 Kf7 37.Nd4 a3
38.Re1 Rc4 39.Rf1 Rxd4  0-1

[Event "chess.com Speed 3m+1spm 2017"]
[Site "chess.com INT"]
[Date "2018.07.26"]
[Round "18"]
[White "Nakamura,Hi"]
[Black "Hou Yifan"]
[Result "1-0"]
[WhiteElo "2777"]
[BlackElo "2658"]

1.b3 e5 2.Bb2 Nc6 3.e3 Nf6 4.Bb5 Bd6 5.Na3 Na5 6.Be2 a6 7.c4 O-O 8.Nc2 c5
9.d4 cxd4 10.exd4 exd4 11.Qxd4 Qe7 12.Nf3 Nc6 13.Qd1 Re8 14.Ne3 Bb4+ 15.Kf1 d6
16.Nd5 Nxd5 17.cxd5 Ne5 18.Nd4 Bc5 19.Qd2 g6 20.h3 Nd7 21.Bf3 Ne5 22.Be2 Nd7
23.g3 Nf6 24.Bf3 Ne4 25.Qf4 g5 26.Qxe4 Qxe4 27.Bxe4 Rxe4 28.Rd1 Bd7 29.Kg2 Rae8
30.a3 h6 31.b4 Bb6 32.Rd2 Bxd4 33.Bxd4 Rc8 34.Ra1 Ba4 35.f3 Re7 36.g4 Kh7
37.h4 gxh4 38.Rh1 Bb3 39.Rxh4 Kg6 40.Kf2 Bxd5 41.Be3 Rc3 42.Rxh6+ Kg7 43.Bd4+ Kxh6
44.Bxc3 Be6 45.Rxd6 Rc7 46.Be5 Rd7 47.Rb6 Kh7 48.Ke3 Bd5 49.Rf6 Bc4 50.g5 Rd3+
51.Ke4 Kg8 52.Rh6 f5+ 53.Kf4 Kf7 54.g6+ Ke7 55.Rh7+ Ke8 56.Bf6 Kf8 57.Rc7 Be6
58.Ke5 Bd7 59.Rxb7 Rxf3 60.Rxd7  1-0

[Event "chess.com Speed 3m+1spm 2017"]
[Site "chess.com INT"]
[Date "2018.07.26"]
[Round "19"]
[White "Hou Yifan"]
[Black "Nakamura,Hi"]
[Result "0-1"]
[WhiteElo "2658"]
[BlackElo "2777"]

1.Nf3 g6 2.g3 Bg7 3.Bg2 d6 4.O-O Nc6 5.d4 Bd7 6.c4 Qc8 7.Nc3 Bh3 8.d5 Ne5
9.Nxe5 Bxe5 10.Qd3 h5 11.f4 Bxc3 12.Qxc3 Nf6 13.Be3 h4 14.Bd4 hxg3 15.Qxg3 Bxg2
16.Qxg2 Rh4 17.Kh1 Qf5 18.Bxf6 Qxf6 19.Qf2 Kd7 20.Qg3 Rah8 21.Rf2 Qxb2 22.Raf1 Qxa2
23.Qd3 a5 24.Rg2 a4 25.c5 Qb3 26.c6+ bxc6 27.dxc6+ Kxc6 28.Rc1+ Kd7 29.Rc3 Qb7
30.Kg1 Rh3 31.Qc2 Rxc3 32.Qxc3 Qa7+ 33.Kh1 Rb8 34.h4 a3 35.Qh3+ e6  0-1

[Event "chess.com Speed 3m+1spm 2017"]
[Site "chess.com INT"]
[Date "2018.07.26"]
[Round "20"]
[White "Nakamura,Hi"]
[Black "Hou Yifan"]
[Result "1-0"]
[WhiteElo "2777"]
[BlackElo "2658"]

1.b3 Nf6 2.Bb2 g6 3.e3 Bg7 4.Nf3 O-O 5.d4 d5 6.Be2 b6 7.O-O c5 8.dxc5 bxc5
9.c4 e6 10.Nc3 Bb7 11.cxd5 exd5 12.Rc1 Nbd7 13.Qd2 Rc8 14.Rfd1 Qe7 15.Ba3 Rfd8
16.Na4 Ne4 17.Qa5 a6 18.Nb6 Nxb6 19.Qxb6 Nc3 20.Re1 Nxe2+ 21.Rxe2 d4 22.Rxc5 Bxf3
23.gxf3 Rxc5 24.Qxc5 Qb7 25.Qe7 Qa8 26.Qe4 Qxe4 27.fxe4 dxe3 28.fxe3 Re8
29.Rc2 Bh6 30.Rc4 Bxe3+ 31.Kg2 Re6 32.Rc8+ Kg7 33.Bf8+ Kf6 34.Kf3 Bd4 35.b4 h5
36.a4 g5 37.h3 g4+ 38.hxg4 hxg4+ 39.Kxg4 Rxe4+ 40.Kf3 Re3+ 41.Kf4 Re6 42.Ra8 Be3+
43.Kf3 Kf5 44.Rd8 Bb6 45.Rd3 Kg6 46.a5 Bc7 47.Rd7 Be5 48.Bc5 f5 49.Rb7 Kf6
50.b5 axb5 51.Bb6 Re8 52.a6 Ra8 53.a7 b4 54.Be3 Bd6 55.Ke2 Ke6 56.Kd3 Kd5
57.Rb5+ Kc6 58.Rxf5 Kb7 59.Rf7+ Kc6 60.Kc4 Re8 61.Bd4 Ra8 62.Rf6 Kd7 63.Kd5 Be7
64.Rf7 Ke8 65.Ke6 Bf8 66.Rb7  1-0

[Event "chess.com Speed 1m+1spm 2017"]
[Site "chess.com INT"]
[Date "2018.07.26"]
[Round "21"]
[White "Hou Yifan"]
[Black "Nakamura,Hi"]
[Result "0-1"]
[WhiteElo "2658"]
[BlackElo "2777"]

1.Nf3 g6 2.g3 Bg7 3.Bg2 d6 4.d4 Bd7 5.O-O Qc8 6.c4 Nc6 7.Nc3 Bh3 8.e3 h5
9.Ne4 h4 10.Nxh4 Bf6 11.Nxf6+ Nxf6 12.f4 Bxg2 13.Kxg2 Qd7 14.b3 d5 15.Bb2 O-O-O
16.Rc1 Rh5 17.cxd5 Qxd5+ 18.Qf3 Ne4 19.Kg1 Rdh8 20.Rc2 f5 21.Bc1 Rxh4 22.gxh4 Rxh4
23.Rg2 Qf7 24.Ba3 e6 25.Bc1 Nb4 26.Bd2 Nd5 27.Be1 Rh8 28.Kh1 c6 29.Rfg1 Rh6
30.Qe2 Qh7 31.Qf3 Rh3 32.Qe2 Rxe3 33.Qf1 Rh3  0-1

[Event "chess.com Speed 1m+1spm 2017"]
[Site "chess.com INT"]
[Date "2018.07.26"]
[Round "22"]
[White "Nakamura,Hi"]
[Black "Hou Yifan"]
[Result "1-0"]
[WhiteElo "2777"]
[BlackElo "2658"]

1.b3 e5 2.Bb2 d6 3.e3 g6 4.d4 Bg7 5.dxe5 dxe5 6.Qxd8+ Kxd8 7.Nf3 Nd7 8.Na3 Ne7
9.O-O-O f6 10.Bc4 c6 11.Be6 Kc7 12.Nc4 Nb6 13.Bxc8 Raxc8 14.Nd6 Rcd8 15.Ne4 h6
16.Nc5 Rxd1+ 17.Rxd1 Kc8 18.c4 Rg8 19.Ne6 Bh8 20.Ba3 Nf5 21.g4 Ng7 22.Nf8 Ne8
23.Nh4 f5 24.Nfxg6 Bf6 25.gxf5 e4 26.Be7 Bxh4 27.Rd8+ Kc7 28.Bxh4 Nd7 29.Ra8 a6
30.Bg3+ Kb6 31.Ne7 Rf8 32.b4 c5 33.Nd5+ Kc6 34.Rc8+  1-0

[Event "chess.com Speed 1m+1spm 2017"]
[Site "chess.com INT"]
[Date "2018.07.26"]
[Round "23"]
[White "Hou Yifan"]
[Black "Nakamura,Hi"]
[Result "0-1"]
[WhiteElo "2658"]
[BlackElo "2777"]

1.e4 g6 2.Nf3 Bg7 3.d4 d6 4.Be2 Nf6 5.Nc3 O-O 6.O-O Nc6 7.d5 Nb8 8.h3 c6
9.Be3 b6 10.dxc6 Nxc6 11.Nd4 Bb7 12.Qd2 Rc8 13.Rfe1 Ne5 14.f3 d5 15.exd5 Nxd5
16.Nxd5 Qxd5 17.b3 Rfd8 18.c4 Qc5 19.Rad1 Qa3 20.Qc2 Nc6 21.Nb5 Qa5 22.a3 Ne5
23.Rxd8+ Rxd8 24.b4 Qa6 25.f4 Nd7 26.Rd1 Bc8 27.Bf3 Rf8 28.Qb3 Nc5 29.bxc5 bxc5
30.Bxc5 Qf6 31.Qe3 Be6 32.Bd4 Qh4 33.Bxg7 Kxg7 34.c5 Bxh3 35.Qf2 Qxf4 36.gxh3 Rc8
37.Qd4+ Qxd4+ 38.Nxd4 Rxc5 39.Rd3 e5 40.Nb3 Rc2 41.Be4 Rc7 42.Bd5 f5 43.Kf2 e4
44.Rd2 Kf6 45.Na5 Rc3 46.Bb3 e3+ 47.Ke2 exd2 48.Kxd2 Rxh3 49.Nc6 Rxb3  0-1

[Event "chess.com Speed 1m+1spm 2017"]
[Site "chess.com INT"]
[Date "2018.07.26"]
[Round "24"]
[White "Nakamura,Hi"]
[Black "Hou Yifan"]
[Result "1-0"]
[WhiteElo "2777"]
[BlackElo "2658"]

1.b3 e5 2.Bb2 Nc6 3.e3 d5 4.Bb5 Bd6 5.f4 Qe7 6.Nf3 f6 7.fxe5 fxe5 8.Bxc6+ bxc6
9.Nxe5 Nf6 10.Nxc6 Qf7 11.O-O O-O 12.Bxf6 gxf6 13.Nc3 Kh8 14.Qf3 Bd7 15.Nd4 c6
16.Nf5 Be5 17.d4 Bc7 18.e4 dxe4 19.Nxe4 Rae8 20.Ned6 Bxd6 21.Nxd6 Qe7 22.Nxe8 Qxe8
23.Rae1 Qb8 24.Re7  1-0

[Event "chess.com Speed 1m+1spm 2017"]
[Site "chess.com INT"]
[Date "2018.07.26"]
[Round "25"]
[White "Hou Yifan"]
[Black "Nakamura,Hi"]
[Result "0-1"]
[WhiteElo "2658"]
[BlackElo "2777"]

1.e4 g6 2.Nf3 Bg7 3.d4 d6 4.Be2 Nf6 5.Nc3 O-O 6.O-O Nc6 7.d5 Nb8 8.Be3 c6
9.a4 b6 10.Qd2 Bb7 11.Rfd1 a6 12.Bh6 cxd5 13.exd5 Nbd7 14.Bxg7 Kxg7 15.Nd4 Qc7
16.f4 Qc5 17.Bf3 b5 18.axb5 axb5 19.Rxa8 Rxa8 20.Nxb5 Bxd5 21.b4 Qb6 22.Bxd5 Nxd5
23.c4 N5f6 24.Kh1 e5 25.fxe5 dxe5 26.Nf3 Ne4 27.Qxd7 Nf2+ 28.Kg1 Nh3+  0-1

[Event "chess.com Speed 1m+1spm 2017"]
[Site "chess.com INT"]
[Date "2018.07.26"]
[Round "26"]
[White "Nakamura,Hi"]
[Black "Hou Yifan"]
[Result "1-0"]
[WhiteElo "2777"]
[BlackElo "2658"]

1.b3 d5 2.Bb2 Nf6 3.Nf3 e6 4.e3 Be7 5.d4 O-O 6.Bd3 b6 7.O-O Bb7 8.Nbd2 Nbd7
9.c4 Ne4 10.Qc2 f5 11.Ne5 Nxe5 12.dxe5 Nxd2 13.Qxd2 dxc4 14.bxc4 Be4 15.Rfd1 Bxd3
16.Qc3 Qe8 17.Rxd3 Qc6 18.Rad1 Rad8 19.Ba3 Rxd3 20.Rxd3 Bxa3 21.Qxa3 Qxc4
22.h3 Qc6 23.Qe7 Re8 24.Qa3 a5 25.Qb3 h6 26.Rc3 Qd7 27.Qc4 c5 28.Rd3 Qe7
29.Rd6 Kh7 30.Rxb6 Qf7 31.Qxc5 f4 32.Qc2+ Kh8 33.exf4 Qxf4 34.Qc3 Rd8 35.Rb1 Rf8
36.Rf1 a4 37.Qc6 Qxe5 38.Qxa4 Qd5 39.Qc2 Ra8 40.a4 Qd4 41.Rd1 Qb6 42.Ra1 Qd4
43.Qa2 Ra5 44.Rc1 Kh7 45.Qxe6 Qxa4 46.Rc4 Qa1+ 47.Kh2 Qe5+ 48.Qxe5 Rxe5 49.f4 Re2
50.Kg3 Ra2 51.Kf3 Ra3+ 52.Kg4 Ra2 53.Kg3 Ra5 54.Rc3 Kg6 55.Rf3 Kh7 56.Re3 Kg8
57.Kf3 Kf7 58.g4 g6 59.Re5 Ra3+ 60.Re3 Ra4 61.Rb3 Ra5 62.Kg3 Ra4 63.Rc3 Ra5
64.Rc7+ Kf6 65.Rc6+ Kf7 66.Rc3 Ra4 67.h4 Ra5 68.Rb3 Rc5 69.Kf3 Ra5 70.Rd3 Kf6
71.Ke4 Ra4+ 72.Rd4 Ra5 73.Rd6+ Kf7 74.Rd5 Ra6 75.Ke5 Re6+ 76.Kd4 Ra6 77.Rd7+ Ke6
78.Rc7 Ra4+ 79.Rc4 Ra6 80.Ke4 Kf7 81.Rd4 Ra5 82.Rb4 Ra6 83.Rc4 Ra5 84.Rd4 Ra6
85.Ke5 Ra5+ 86.Rd5 Ra6 87.Rd7+ Kg8 88.f5 gxf5 89.gxf5 Kf8 90.Rd6 Ra4 91.Rxh6 Kg7
92.Rh5 Ra5+ 93.Kf4 Ra1 94.Rg5+ Kf7 95.Rg4  1-0

[Event "chess.com Speed 1m+1spm 2017"]
[Site "chess.com INT"]
[Date "2018.07.26"]
[Round "27"]
[White "Hou Yifan"]
[Black "Nakamura,Hi"]
[Result "0-1"]
[WhiteElo "2658"]
[BlackElo "2777"]

1.e4 g6 2.Nf3 Bg7 3.d4 d6 4.Be2 Nf6 5.Nc3 O-O 6.O-O Nc6 7.h3 e5 8.dxe5 dxe5
9.Be3 Be6 10.Bb5 Nd7 11.Qe2 Nd4 12.Qd1 Nxb5 13.Nxb5 Bc4 14.Nc3 Bxf1 15.Qxf1 c6
16.Qe2 Qc7 17.Nd2 Rad8 18.a4 b6 19.Nc4 Rfe8 20.a5 b5 21.Nd2 a6 22.Nb3 Bf8
23.Rf1 c5 24.Nd5 Qc6 25.c4 Nf6 26.Bg5 Bg7 27.Bxf6 Bxf6 28.Rc1 b4 29.Nxc5 Bg5
30.Nd3 Bxc1 31.Nxc1 Qa4 32.Nd3 Qxa5 33.N3xb4 Re6 34.g3 Qc5 35.b3 a5 36.Nd3 Qd4
37.Qf3 Kg7 38.Kg2 a4 39.bxa4 Qxc4 40.N3b4 Ra8  0-1

[Event "chess.com Speed 1m+1spm 2017"]
[Site "chess.com INT"]
[Date "2018.07.26"]
[Round "28"]
[White "Nakamura,Hi"]
[Black "Hou Yifan"]
[Result "1-0"]
[WhiteElo "2777"]
[BlackElo "2658"]

1.b3 e5 2.Bb2 d6 3.e3 g6 4.Nf3 Bg7 5.d4 e4 6.Nfd2 d5 7.c4 c6 8.Nc3 Nf6 9.Ba3 Bf8
10.Qc1 Be7 11.cxd5 cxd5 12.Bxe7 Kxe7 13.Nb5 Nc6 14.Qc5+ Ke6 15.g3 h5 16.Bh3+ Ng4
17.f3 exf3 18.Nxf3 a6 19.Nc3 f6 20.O-O Qd6 21.Qb6 Ne7 22.Qxd6+ Kxd6 23.e4 Be6
24.e5+ fxe5 25.Bxg4 hxg4 26.dxe5+ Kd7 27.Nd4 Nf5 28.Rfd1 Rac8 29.Nce2 Ne3
30.Rd2 Rh7 31.Re1 Nf5 32.Nxe6 Kxe6 33.Nf4+ Kf7 34.e6+ Kf6 35.Nxd5+ Kg5 36.e7 Re8
37.Re5 Kh6 38.Rde2 Rf7 39.Re6 Nd4 40.R6e4 Nxe2+ 41.Rxe2 Kg7 42.Kg2 g5 43.Re5 Kg6
44.h3 gxh3+ 45.Kxh3 Kh5 46.g4+ Kg6 47.Re6+ Kg7 48.Kg3 a5 49.a4 Kh7 50.Re5 Kg6
51.Re3 Kg7 52.Re6 Kh7 53.Re5 Kg6 54.Re6+ Kg7 55.Re2 Kh6 56.Re4 Kh7 57.Re5 Kg6
58.Kg2 Kh6 59.Ne3 Kg6 60.Nf5 Kf6 61.Rxa5 Rfxe7 62.Nxe7 Rxe7 63.Rf5+ Kg6 64.Rb5 Rd7
65.Rb6+  1-0

[Event "chess.com Speed 1m+1spm 2017"]
[Site "chess.com INT"]
[Date "2018.07.26"]
[Round "29"]
[White "Hou Yifan"]
[Black "Nakamura,Hi"]
[Result "1/2-1/2"]
[WhiteElo "2658"]
[BlackElo "2777"]

1.e4 g6 2.Nf3 Bg7 3.d4 d5 4.Nc3 dxe4 5.Nxe4 Nf6 6.Nxf6+ exf6 7.Be3 O-O 8.Qd2 Nc6
9.O-O-O Bg4 10.Be2 Re8 11.h3 Bf5 12.d5 Ne5 13.Nxe5 fxe5 14.Bh6 Qf6 15.h4 Bd7
16.f3 e4 17.Bxg7 Kxg7 18.fxe4 Rxe4 19.Bd3 Ra4 20.Kb1 Rf4 21.Rhf1 Rxf1 22.Rxf1 Qe5
23.Qf2 f5 24.Re1 Qf6 25.Qc5 Rf8 26.Qxc7 Rf7 27.Qf4 Re7 28.Rxe7+ Qxe7 29.a3 Kf7
30.Qd4 Qd6 31.Ka2 a5 32.c4 b6 33.Qe3 f4 34.Qd4 a4 35.b4 axb3+ 36.Kxb3 h6
37.a4 g5 38.hxg5 hxg5 39.Qh8 g4 40.Qh7+ Ke8 41.Qg8+ Ke7 42.Qg5+ Kf7 43.Qh5+ Ke7
44.Qg5+ Kf8 45.Bf5 Qe5 46.Qh6+ Ke8 47.Qg6+ Kd8 48.Bxd7 Qe3+ 49.Kb4 Qc5+ 50.Kb3 Qe3+
51.Kb4 Qc5+ 52.Kb3 Qe3+ 53.Kb4 Qc5+ 54.Kb3 Qe3+ 55.Kb4  1/2-1/2

[Event "chess.com Speed 1m+1spm 2017"]
[Site "chess.com INT"]
[Date "2018.07.26"]
[Round "30"]
[White "Nakamura,Hi"]
[Black "Hou Yifan"]
[Result "1/2-1/2"]
[WhiteElo "2777"]
[BlackElo "2658"]

1.b3 Nf6 2.Bb2 g6 3.e3 Bg7 4.Nf3 O-O 5.d4 b6 6.c4 e6 7.Be2 c5 8.O-O Bb7 9.Nc3 d6
10.dxc5 bxc5 11.Nb5 Ne8 12.Bxg7 Kxg7 13.Qc2 a6 14.Nc3 Nc6 15.Rad1 Qc7 16.Qb2 Kg8
17.Ng5 h6 18.Nge4 f5 19.Nd2 Nf6 20.Bf3 Rad8 21.Ne2 g5 22.Bxc6 Bxc6 23.f3 Kh7
24.Nb1 g4 25.f4 Bb7 26.Nec3 Ne4 27.Nxe4 Bxe4 28.Nc3 Bc6 29.Qf2 Qg7 30.Rd3 Rd7
31.Rfd1 Rfd8 32.Qe1 Qf6 33.Ne2 Be4 34.R3d2 Bc6 35.Ng3 Qg6 36.Rd3 h5 37.Ne2 Qf6
38.Qc3 Qxc3 39.Nxc3 Kg6 40.Kf2 Kf6 41.R3d2 Ke7 42.Kg3 Rh8 43.Kh4 Rdd8 44.g3 Rd7
45.Re1 Be4 46.Nxe4 fxe4 47.Red1 Rdd8 48.a3 a5 49.Rb1 Kf6 50.b4 axb4 51.axb4 cxb4
52.Rxb4 Rd7 53.Rb5 Kg6 54.Rg5+ Kf6 55.c5 d5 56.f5 exf5 57.Rf2 Ke6 58.Rfxf5 d4
59.Re5+ Kf6 60.Rgf5+ Kg6 61.exd4 Rxd4 62.c6 Rc4 63.Rg5+ Kf6 64.Ref5+ Ke6
65.Ra5 Kf6 66.Rgf5+ Kg6 67.Rfe5 Rxc6 68.Rxe4 Rc2 69.Re6+ Kf7 70.Rb6 Rxh2+
71.Kg5 Rg8+ 72.Kh6 Rh8+ 73.Kg5 Rg8+ 74.Kh6 Rh8+ 75.Kg5 Rg8+ 76.Kh6 Rh8+ 77.Kg5 Rg8+
78.Kh6 Rh8+ 79.Kg5  1/2-1/2